[Event "Challenge"]
[Site "http://www.queenalice.com/game.php?id=199702"]
[Date "2007.4.20"]
[Round "-"]
[White "technicaldraw"]
[Black "lord56"]
[Result "1-0"]
[WhiteElo "2026"]
[BlackElo "1464"]

1. e4 e5 2. Nf3 Qf6 3. Bc4 Nc6 4. d3 Nb4 5. a3 Nc6 6. Nc3 b6 7. Nd5 Qd6 8. Nh4
b5 9. Nf5 Qg6 10. Bxb5 Rb8 11. O-O Na5 12. Nxc7+ Kd8 13. Bd2 Nb7 14. Na6 Ra8 15.
Qe1 Qh5 16. Ba5+ Ke8 17. Nc7+ Kd8 18. Nxa8+ Nxa5 19. Qxa5+ Ke8 20. Nc7+ Kd8 21.
Ne6+ Ke8 22. Qd8# 1-0

[Event "Challenge"]
[Site "http://www.queenalice.com/game.php?id=199703"]
[Date "2007.4.20"]
[Round "-"]
[White "lord56"]
[Black "technicaldraw"]
[Result "0-1"]
[WhiteElo "1439"]
[BlackElo "2030"]

1. d4 Nf6 2. e3 g6 3. c4 d6 4. c5 dxc5 5. dxc5 Qxd1+ 6. Kxd1 Bf5 7. Nc3 Nc6 8.
Nb5 O-O-O+ 9. Ke2 Nb4 10. Nxa7+ Kb8 11. Nb5 Bd3+ 12. Ke1 Nc2+ 13. Kd2 Bxf1+ 14.
Kxc2 Bxg2 15. e4 Bxh1 16. Bf4 Bxe4+ 17. Kc3 Nd5+ 18. Kd4 Nxf4+ 19. Kxe4 Ne6 20.
Ne2 Nxc5+ 21. Ke5 Bg7+ 22. Kf4 h5 23. Rc1 Bh6+ 24. Kg3 Bxc1 25. Nxc1 h4+ 26. Kh3
g5 27. b4 Rd1 28. Ne2 f5 29. Ned4 Rg1 30. f3 g4+ 31. fxg4 fxg4# 0-1

[Event "AUTO-OPEN-631"]
[Site "http://www.queenalice.com/game.php?id=199719"]
[Date "2007.4.20"]
[Round "1"]
[White "lord56"]
[Black "ALMOVE"]
[Result "0-1"]
[WhiteElo "1555"]
[BlackElo "1604"]

1. e4 e5 2. Qf3 Nf6 3. Nh3 Bc5 4. Ng5 O-O 5. Qh3 d5 6. exd5 Bxh3 7. Nxh3 Qxd5 8.
Nc3 Qc6 9. Bd3 Qxg2 10. b4 Qxh1+ 11. Bf1 Bxb4 12. Rb1 Bxc3 13. dxc3 Qe4+ 14. Kd1
Ng4 15. f3 Qxf3+ 16. Be2 Qxh3 17. Bxg4 Qxg4+ 18. Kd2 Rd8+ 19. Ke3 Qh3+ 20. Ke4
Qxh2 21. Bg5 Qxc2+ 22. Kxe5 Re8+ 23. Kd4 Qxb1 24. Bf4 Qxa2 25. Bxc7 Qa4+ 26. c4
Qd7+ 27. Kc3 Qxc7 28. Kd4 Qe5+ 29. Kd3 Rd8+ 30. Kc2 Qe3 31. Kb2 Rd2+ 32. Kc1
Qe1# 0-1

[Event "AUTO-OPEN-631"]
[Site "http://www.queenalice.com/game.php?id=199720"]
[Date "2007.4.20"]
[Round "1"]
[White "ALMOVE"]
[Black "lord56"]
[Result "1-0"]
[WhiteElo "1618"]
[BlackElo "1464"]

1. e3 e5 2. d3 Qf6 3. Nf3 d5 4. Be2 Bb4+ 5. c3 Ba5 6. O-O d4 7. Qa4+ b5 8. Qxa5
dxe3 9. Bxe3 Nc6 10. Qxb5 Rb8 11. Qc5 Nge7 12. Nbd2 Rxb2 13. Bg5 Qd6 14. Qxd6
cxd6 15. Bxe7 Nxe7 16. a3 Bg4 17. Rab1 Rb6 18. Rxb6 axb6 19. Rb1 Nd5 20. c4 Nc3
21. Rxb6 Nxe2+ 22. Kf1 Nf4 23. Rb8+ Ke7 24. Rxh8 h5 25. a4 Bf5 26. Ne1 Ng6 27.
Rxh5 Bc8 28. Nc2 Bb7 29. Nb4 Nf4 30. Rh8 Bxg2+ 31. Ke1 f5 32. Nd5+ Bxd5 33. cxd5
Ng6 34. Rb8 Nf8 35. a5 Nd7 36. Rb1 Nc5 37. h4 Nxd3+ 38. Kf1 Nc5 39. Nf3 e4 40.
Nd4 Kf6 41. Nb3 Na6 42. Nd4 Ke5 43. Rd1 f4 44. h5 Kxd5 45. Nf5+ Ke6 46. Rxd6+
Kxf5 47. Rxa6 e3 48. fxe3 fxe3 49. Ke2 Kf4 50. Rg6 Kf5 51. Rxg7 Kf6 52. h6 Ke5
53. h7 Kd6 54. h8=Q Kd5 55. Rg4 Ke6 56. Rg5 Kd6 57. Qh6+ Kc7 58. Rg7+ Kb8 59.
Qh8# 1-0

[Event "AUTO-OPEN-631"]
[Site "http://www.queenalice.com/game.php?id=199723"]
[Date "2007.4.20"]
[Round "1"]
[White "lord56"]
[Black "drmaxb81"]
[Result "0-1"]
[WhiteElo "1439"]
[BlackElo "1500"]

1. e4 e5 2. Qf3 Nf6 3. Bc4 Bc5 4. Qg3 O-O 5. Qh3 d5 6. Qc3 dxc4 7. Qxc4 b6 8. h3
Bb7 9. Nc3 Qd4 10. Nf3 Qxc4 11. Nxe5 Qe6 12. Ng4 Nxe4 13. d3 Nxf2+ 14. Kf1 Re8
15. Nxf2 Qe1# 0-1

[Event "AUTO-OPEN-631"]
[Site "http://www.queenalice.com/game.php?id=199724"]
[Date "2007.4.20"]
[Round "1"]
[White "drmaxb81"]
[Black "lord56"]
[Result "1-0"]
[WhiteElo "1710"]
[BlackElo "1294"]

1. e4 e5 2. Nf3 Qf6 3. Nc3 g5 4. Nd5 Qd6 5. Nxg5 Bh6 6. d4 c6 7. Nc3 Qxd4 8.
Qxd4 exd4 9. Ne2 f6 10. Nf3 Na6 11. Bxh6 Nxh6 12. Nexd4 d5 13. e5 Nb4 14. c3 c5
15. Nb5 Nc2+ 16. Kd1 Bf5 17. Rc1 O-O 18. e6 Rac8 19. Nd6 Ng4 20. Ke2 Bg6 21.
Nxc8 Rxc8 22. Nh4 Be4 23. f3 Nce3 24. fxe4 Nc4 25. b3 Nb6 26. Kf3 Ne5+ 27. Kf4
1-0

[Event "AUTO-INT-425"]
[Site "http://www.queenalice.com/game.php?id=200003"]
[Date "2007.4.20"]
[Round "1"]
[White "gigino42"]
[Black "lord56"]
[Result "1-0"]
[WhiteElo "1738"]
[BlackElo "1274"]

1. e4 e5 2. Nf3 Qf6 3. c3 g5 4. d4 exd4 5. cxd4 g4 6. e5 Qf5 7. Ng5 c5 8. Bd3
Qxd3 9. Qxd3 h6 10. Nxf7 Kxf7 11. Be3 b6 12. d5 Ba6 13. Qf5+ Ke8 14. Nc3 Bg7 15.
O-O-O Ne7 16. Qh5+ Kf8 17. Qxg4 Bxe5 18. d6 Nec6 19. f4 Bd4 20. Rhe1 Nb4 21.
Bxd4 cxd4 22. Rxd4 N8c6 23. Qf5+ 1-0

[Event "AUTO-INT-425"]
[Site "http://www.queenalice.com/game.php?id=200004"]
[Date "2007.4.20"]
[Round "1"]
[White "lord56"]
[Black "gigino42"]
[Result "0-1"]
[WhiteElo "1274"]
[BlackElo "1740"]

1. e4 d6 2. Qf3 Nf6 3. d4 Nbd7 4. c3 e5 5. Bc4 Be7 6. Qg3 Nb6 7. Bb3 exd4 8.
Qxg7 Rf8 9. e5 dxe5 10. Nf3 Qd6 11. cxd4 e4 12. Ng5 Nbd5 13. Nc3 c6 14. g3 Bf5
15. Bf4 Qb4 16. O-O Bg6 17. f3 Qxd4+ 18. Rf2 Rg8 19. Qh6 Nxf4 20. Rd1 Nd3 21.
Ngxe4 Nxe4 22. Nxe4 Bxe4 0-1

[Event "AUTO-INT-425"]
[Site "http://www.queenalice.com/game.php?id=200019"]
[Date "2007.4.20"]
[Round "1"]
[White "xico"]
[Black "lord56"]
[Result "1-0"]
[WhiteElo "1602"]
[BlackElo "1356"]

1. d4 d5 2. Nf3 b5 3. Bf4 f6 4. e3 g5 5. Bxb5+ c6 6. Bxg5 cxb5 7. Bh4 Qa5+ 8. c3
b4 9. O-O Nh6 10. Bg3 Nc6 11. h3 bxc3 12. Nxc3 e5 13. dxe5 fxe5 14. Nxe5 Ne7 15.
Qh5+ Kd8 16. Bh4 Qc7 17. Nxd5 Qd6 18. Rfd1 Be6 19. Nxe7 Kc7 20. Rac1+ Kd8 21.
Rxd6+ Bd7 22. Rxd7# 1-0

[Event "AUTO-INT-425"]
[Site "http://www.queenalice.com/game.php?id=200020"]
[Date "2007.4.20"]
[Round "1"]
[White "lord56"]
[Black "xico"]
[Result "0-1"]
[WhiteElo "1370"]
[BlackElo "1561"]

1. e4 c6 2. Qf3 d5 3. Nc3 dxe4 4. Qxe4 Nf6 5. Qc4 Bf5 6. Bd3 Bxd3 7. cxd3 e6 8.
d4 Nbd7 9. Nf3 Rc8 10. h3 Nb6 11. Qb3 Bd6 12. g4 O-O 13. g5 Nfd5 14. Nxd5 cxd5
15. Rg1 Rc4 16. d3 Rc6 17. h4 Qc7 18. h5 Rxc1+ 19. Rxc1 Qxc1+ 20. Qd1 Qxb2 21.
g6 h6 22. gxf7+ Rxf7 23. Nh4 Qxf2# 0-1

[Event "AUTO-INT-425"]
[Site "http://www.queenalice.com/game.php?id=200031"]
[Date "2007.4.20"]
[Round "1"]
[White "lord56"]
[Black "kloosterveen"]
[Result "0-1"]
[WhiteElo "1512"]
[BlackElo "1715"]

1. e4 e6 2. Qf3 g6 3. Nh3 Bg7 4. d4 Bxd4 5. Qf4 Qf6 6. Ng5 Qxf4 7. Bxf4 Bxb2 8.
Be5 Bxe5 9. c3 Nf6 10. Na3 Bxc3+ 11. Ke2 Bxa1 12. g3 h6 13. Nf3 Nxe4 14. Bh3 Bg7
15. Ke3 f5 16. g4 O-O 17. gxf5 exf5 18. Rc1 c6 19. Nc4 d5 20. Nd6 Nxd6 21. Nh4
g5 22. Ng6 Rf7 23. f4 gxf4+ 24. Nxf4 h5 25. Nxh5 Bh6+ 26. Nf4 Bxf4+ 27. Kxf4 Rg7
28. Ke5 Nc4+ 29. Kd4 Na6 30. Re1 Bd7 31. Rb1 b6 32. Rf1 Rf8 33. a4 Nc5 34. Rb1
Rh7 35. Bg2 Rxh2 36. Rg1 Kf7 37. Bf3 Rd2+ 38. Kc3 Nxa4+ 39. Kb3 Rd3+ 40. Kxa4
Rxf3 41. Rh1 c5# 0-1

[Event "AUTO-INT-425"]
[Site "http://www.queenalice.com/game.php?id=200032"]
[Date "2007.4.20"]
[Round "1"]
[White "kloosterveen"]
[Black "lord56"]
[Result "1-0"]
[WhiteElo "1723"]
[BlackElo "1484"]

1. d4 e6 2. c4 Nc6 3. e3 Nb4 4. Bd2 Nc6 5. g3 Qf6 6. Bg2 e5 7. Bc3 exd4 8. Bxd4
Qg5 9. Nf3 Qa5+ 10. Qd2 Bb4 11. Nc3 d5 12. Bxg7 f6 13. cxd5 Ne5 14. Nxe5 fxe5
15. Bxh8 c6 16. dxc6 bxc6 17. Bxc6+ Kf7 18. Bxa8 Be6 19. O-O Qc7 20. Rfd1 Qb8
21. Bd5 Ne7 22. Bxe6+ Kxe6 23. Qd8 Qxd8 24. Rxd8 Ng6 25. Bg7 Kf7 26. Rd7+ Be7
27. Bxe5 Nxe5 28. Rxa7 Nf3+ 29. Kg2 Ne5 30. Nd5 Nc6 31. Rxe7+ Nxe7 32. Nxe7 Kxe7
33. Rd1 Ke6 34. b4 Ke5 35. b5 h5 36. b6 h4 37. b7 Ke4 38. b8=Q hxg3 39. Qf4# 1-0